| 000 | 00662nam a22002057a 4500 | ||
|---|---|---|---|
| 003 | 0 | ||
| 005 | 20240910142612.0 | ||
| 008 | 240910b xxu||||| |||| 00| 0 eng d | ||
| 020 | _a978-1-5296-0035-3 | ||
| 050 |
_aLC 4031 _b.El55 2023 |
||
| 100 | _aEllis, Paul | ||
| 245 |
_aNeurodiversity and education _cPaul Ellis [and two others] |
||
| 250 | _aFirst edition | ||
| 260 |
_aCalifornia _bThousand Oaks _c2023 |
||
| 300 |
_aviii, 162 pages : _bblack and white illustrations and pictures ; _c24cm. |
||
| 504 | _aIncludes bibliographical references, glossary, and index. | ||
| 650 | _aSpecial education. | ||
| 650 | _aNeurodiversity. | ||
| 942 |
_2lcc _cBK |
||
| 999 |
_c366206 _d366206 |
||